| 000 | 00509nam a2200121Ia 4500 | ||
|---|---|---|---|
| 008 | 220620s9999||||xx |||||||||||||| ||und|| | ||
| 100 | _aThomas Blanton||Vladislav Zubok||Svetlana Savranskaya | ||
| 245 | 0 | _aMasterpieces of History : The Peaceful End of the Cold War in Europe, 1989 | |
| 546 | _aEnglish[eng] | ||
| 650 | _ainternational relations||Cold War||diplomacy||notes||conferences' transcriptions||Eastern Europe||speeches||Soviet Union | ||
| 856 | _uhttp://books.openedition.org/ceup/2752 | ||
| 942 | _cEB | ||
| 999 |
_c23232 _d23232 |
||